NATURAL HISTORY OF FISHES AND SYSTEMATICS OF FRESH-WATER FISHES OF INDIA (Record no. 18580)

MARC details
000 -LEADER
fixed length control field 00497nam a22001697a 4500
003 - CONTROL NUMBER IDENTIFIER
control field OSt
005 - DATE AND TIME OF LATEST TRANSACTION
control field 20211116165843.0
008 - FIXED-LENGTH DATA ELEMENTS--GENERAL INFORMATION
fixed length control field 211116b |||||||| |||| 00| 0 eng d
020 ## - INTERNATIONAL STANDARD BOOK NUMBER
International Standard Book Number 81-85375-12-7
040 ## - CATALOGING SOURCE
Transcribing agency HAWASSA UNIVERSITY
050 ## - LIBRARY OF CONGRESS CALL NUMBER
Classification number 639.31/MUN
Item number 3
082 ## - DEWEY DECIMAL CLASSIFICATION NUMBER
Classification number 639.31/MUN
Item number 3
100 ## - MAIN ENTRY--PERSONAL NAME
Personal name MUNSHI DATTA S. J.
Fuller form of name MUNSHI DATTA S. J.
9 (RLIN) 18769
245 ## - TITLE STATEMENT
Title NATURAL HISTORY OF FISHES AND SYSTEMATICS OF FRESH-WATER FISHES OF INDIA
260 ## - PUBLICATION, DISTRIBUTION, ETC.
Place of publication, distribution, etc. DELHI
Name of publisher, distributor, etc. NARENDRA
Date of publication, distribution, etc. 1988
942 ## - ADDED ENTRY ELEMENTS (KOHA)
Source of classification or shelving scheme Dewey Decimal Classification
Koha item type Books like text book referance book
Suppress in OPAC No
Holdings
Withdrawn status Lost status Source of classification or shelving scheme Damaged status Not for loan Home library Current library Date acquired Total Checkouts Full call number Barcode Date last seen Copy number Price effective from Koha item type
    Dewey Decimal Classification     College of Agriculture Library College of Agriculture Library 11/16/2021   639.31/MUN ALIB0001526 11/16/2021 1 11/16/2021 Books like text book referance book
    Dewey Decimal Classification     College of Agriculture Library College of Agriculture Library 11/16/2021   639.31/MUN ALIB0001527 11/16/2021 2 11/16/2021 Books like text book referance book
    Dewey Decimal Classification     College of Agriculture Library College of Agriculture Library 11/16/2021   639.31/MUN ALIB0001528 11/16/2021 3 11/16/2021 Books like text book referance book